Khí công

محفوظ في:
التفاصيل البيبلوغرافية
المؤلف الرئيسي: Quách Lâm
التنسيق: كتاب
اللغة:Undetermined
منشور في: Cà Mau Mũi Cà Mau 1997
الموضوعات:
الوسوم: إضافة وسم
لا توجد وسوم, كن أول من يضع وسما على هذه التسجيلة!
Thư viện lưu trữ: Trung tâm Học liệu Trường Đại học Cần Thơ
LEADER 00504nam a2200181Ia 4500
001 CTU_53325
008 210402s9999 xx 000 0 und d
020 |b 44000 
082 |a 613.7046 
082 |b L120 
100 |a Quách Lâm 
245 0 |a Khí công 
245 0 |c Quách Lâm; Hoàng Mộng Khánh và Hoàng Thái dịch 
260 |a Cà Mau 
260 |b Mũi Cà Mau 
260 |c 1997 
650 |a physical fitness 
980 |a Trung tâm Học liệu Trường Đại học Cần Thơ